000 00827nam a2200217 a 4500
008 120416s1983 ||||||||||||||||| || u
020 _a0070170800
050 _aGN 357 Dix
100 _aDixon, Terence
245 1 4 _aThe human race
260 _aNew York
_bMcGraw-Hill
_c1983
300 _a256 pages : illustrations
350 _a0.00
500 _aBibliography.
650 _aCULTURE
650 7 _aManners and customs
_2fast
650 _aSOCIAL EVOLUTION
700 _aLucas, Martin
995 _aMAIN LIBRARY OPEN ACCESS
_D0.00
_e713009
_FCBU-MAIN LIBRARY (Kitwe)
_H2
_I24.95
_jGN 357 Dix
_M2
_UAVAILABLE
_y000690
_ZMain Library Open Access Collection
995 _aMAIN LIBRARY OPEN ACCESS
_D0.00
_e713008
_FCBU-MAIN LIBRARY (Kitwe)
_H1
_I24.95
_jGN 357 Dix
_M1
_UAVAILABLE
_WMay 16, 2006
_y43802
_ZMain Library Open Access Collection
999 _c76233
_d76233